000 01050nam a2200265Ii 4500
008 221202s xx 000 0 und d
100 1 _aNakanishi, Tomoko M,
_eauthor
245 0 _aAgricultural Implications of the Fukushima Nuclear Accident
264 1 _aCham
_bSpringer Nature
_c2013
300 _a1 online resource (214 pages)
336 _atext
_btxt
_2rdacontent
337 _acomputer
_bc
_2rdamedia
338 _aonline resource
_bcr
_2rdacarrier
520 _aEnvironmental Monitoring/Analysis; Agriculture; Food Science; Plant Ecology; Animal Ecology; Marine & Freshwater Sciences
653 _aAgriculture
653 _aAnimal Ecology
653 _aEnvironmental Monitoring/Analysis
653 _aFood Science
653 _aPlant Ecology
700 1 _aNakanishi, Tomoko M.
700 1 _aTanoi, Keitaro
700 1 _aTanoi, Keitaro
856 _uhttps://docs.google.com/spreadsheets/d/1yKIrdCPDAG_9c22mwoOIO2DOhtj65Wqa/edit?usp=sharing&ouid=106555315294820607512&rtpof=true&sd=true
_yList of Curated E-Books
942 _cE-BOOK
999 _c91566
_d91563